Statistics for Counties of the U.K

Click here to take the quiz!

General Stats

  • This quiz has been taken 27 times
  • The average score is 42 of 110

Answer Stats

CountryCounties% Correct
EnglandBedfordshire
79%
EnglandHertfordshire
79%
EnglandKent
79%
EnglandEssex
75%
EnglandNorfolk
75%
EnglandNorth Yorkshire
75%
EnglandCity of London
71%
EnglandHampshire
71%
EnglandLincolnshire
71%
EnglandSomerset
71%
EnglandSouth Yorkshire
71%
EnglandSuffolk
71%
EnglandSurrey
71%
EnglandBerkshire
67%
EnglandDevon
67%
EnglandDorset
67%
EnglandEast Riding of Yorkshire
67%
EnglandEast Sussex
67%
EnglandHerefordshire
67%
EnglandNorthumberland
67%
EnglandNottinghamshire
67%
EnglandWest Sussex
67%
EnglandWest Yorkshire
67%
EnglandBuckinghamshire
63%
EnglandCornwall
63%
EnglandGloucestershire
63%
EnglandLancashire
63%
EnglandLeicestershire
63%
EnglandNorthamptonshire
63%
EnglandCambridgeshire
58%
EnglandCheshire
58%
EnglandCumbria
58%
EnglandStaffordshire
58%
EnglandWarwickshire
58%
EnglandWorcestershire
58%
ScotlandAyrshire
54%
EnglandCounty Durham
54%
EnglandIsle of Wight
54%
EnglandMerseyside
54%
EnglandOxfordshire
54%
EnglandWiltshire
54%
ScotlandAberdeenshire
50%
EnglandCity of Bristol
50%
EnglandDerbyshire
50%
EnglandShropshire
50%
EnglandWest Midlands
50%
EnglandRutland
46%
Northern IrelandCounty Armagh
42%
EnglandGreater Manchester
42%
WalesPembrokeshire
42%
WalesMonmouthshire
38%
ScotlandPerthshire
38%
WalesPowys
38%
EnglandTyne & Wear
38%
ScotlandArgyll
33%
WalesCardiff
33%
WalesCarmarthenshire
33%
WalesIsle of Anglesey
33%
ScotlandLanarkshire
33%
ScotlandAngus Shire
29%
Isle of ManMann
29%
WalesCeredigion
25%
Northern IrelandCounty Antrim
25%
WalesDenbighshire
25%
EnglandGreater London
25%
ScotlandInverness Shire
25%
WalesNewport
25%
ScotlandRenfrewshire
25%
ScotlandBanffshire
21%
WalesBlaenau Gwent
21%
WalesConwy
21%
Northern IrelandCounty Tyrone
21%
ScotlandDumfries Shire
21%
ScotlandEast Lothian Shire
21%
WalesFlintshire
21%
WalesSwansea
21%
WalesVale of Glamorgan
21%
ScotlandWest Lothian Shire
21%
ScotlandBerwickshire
17%
WalesCaerphilly
17%
ScotlandClackmannanshire
17%
Northern IrelandCounty Fermanagh
17%
Northern IrelandCounty Londonderry
17%
ScotlandDunbartonshire
17%
ScotlandRoss and Cromarty Shire
17%
ScotlandStirlingshire
17%
ScotlandCaithness Shire
13%
Northern IrelandCounty Down
13%
WalesGwynedd
13%
ScotlandNairnshire
13%
WalesNeath Port Talbot
13%
ScotlandPeebles Shire
13%
WalesRhondda Cynon Taf
13%
WalesTorfaen
13%
WalesWrexham
13%
ScotlandFifeshire
8%
ScotlandKinross Shire
8%
ScotlandKirkcudbrightshire
8%
ScotlandMorayshire
8%
ScotlandOrkneyshire
8%
ScotlandSelkirkshire
8%
WalesBridgend
4%
ScotlandButeshire
4%
WalesMerthyr Tydfil
4%
ScotlandRoxburgshire
4%
ScotlandSutherlandshire
4%
ScotlandWigtownshire
4%
ScotlandZetlandshire
4%
ScotlandKingardineshire
0%
ScotlandMidlothianshire
0%

Score Distribution

Percentile by Number Answered

Percent of People with Each Score

Your Score History

You have not taken this quiz